000 00412cam a2200157ua 4500
041 _aeng
_h
082 _a828.09
_bCRE/E.M
100 _aCrews, Frederick C .
245 _aE.M Forster : The perils of Humanism /
_cC Frederick Crews.
_hTextual Documents
250 _a1 /
_b.
260 _aLondon :
_bOxford University Press ,
_c1962.
300 _a187 ; .
504 _a
942 _cBK
999 _c3073
_d3073